Cinéma commençant par la lettre J - Statistiques

Statistiques générales
  • Ce quiz a été pris 1 191 fois
  • Le résultat moyen est 6 sur 12
Statistiques - réponses
Hint Réponse % Correct
Agent secret, héros d'une prolifique saga cinématographique James Bond
99%
Saga cinématographique sur des dinosaures ramenés à la vie Jurassic Park
93%
Actrice aux lèvres pulpeuses, ex-compagne de Brad Pitt Angelina Jolie
90%
Héros d'une saga de films d'espionnage, interprété par Matt Damon Jason Bourne
63%
Film dont le titre désigne les initiales d'un acteur belge de films d'action JCVD
63%
Réalisateur néo-zélandais, connu pour son adaptation de l'oeuvre de J. R. R. Tolkien Peter Jackson
53%
Réalisateur français, à l'origine du Fabuleux Destin d'Amélie Poulain Jean-Pierre Jeunet
50%
Surnom de l'antagoniste principal d'une saga de films d'horreur très sanglante Jigsaw
46%
Film emblématique de la Nouvelle Vague, sur deux amis amoureux de la même femme Jules et Jim
34%
A remporté l'Oscar du meilleur scénario original pour son film Her Spike Jonze
18%
Cinéaste indépendant américain, à la célèbre chevelure blanche Jim Jarmusch
14%
Réalisateur des trois long-métrages des Monty Python, disparu en 2020 Terry Jones
12%
Aucun quiz correspondant
Distribution des résultats
% des personnes avec chaque résultat
Percentile par nombre de réponses
Votre historique - résultats
Vous n’avez pas pris ce quiz